Monthly News Letter (Record no. 119017)
[ view plain ]
| 000 -LEADER | |
|---|---|
| fixed length control field | 00486cas a22001815a 4500 |
| 001 - CONTROL NUMBER | |
| control field | L138720 |
| 008 - FIXED-LENGTH DATA ELEMENTS--GENERAL INFORMATION | |
| fixed length control field | 070704d1947 ii mr p 0 a0eng u |
| 035 ## - SYSTEM CONTROL NUMBER | |
| System control number | (Sirsi) u138720 |
| 041 0# - LANGUAGE CODE | |
| Language code of text/sound track or separate title | eng |
| 110 2# - MAIN ENTRY--CORPORATE NAME | |
| Corporate name or jurisdiction name as entry element | Survey of India |
| 9 (RLIN) | 2931 |
| 245 00 - TITLE STATEMENT | |
| Title | Monthly News Letter |
| Remainder of title | Survey of India |
| 260 ## - PUBLICATION, DISTRIBUTION, ETC. | |
| Place of publication, distribution, etc. | S.l. |
| Name of publisher, distributor, etc. | Survey of India |
| Date of publication, distribution, etc. | 1947- |
| 362 0# - DATES OF PUBLICATION AND/OR SEQUENTIAL DESIGNATION | |
| Dates of publication and/or sequential designation | (3) August 1949-(138) April 1959 |
| 554 ## - | |
| -- | 12 per year |
| 651 #4 - SUBJECT ADDED ENTRY--GEOGRAPHIC NAME | |
| Geographic name | India |
| 690 ## - LOCAL SUBJECT ADDED ENTRY--TOPICAL TERM (OCLC, RLIN) | |
| Topical term or geographic name as entry element | ENVIRONMENTAL AND LAND CONSULTANCY |
| 942 ## - ADDED ENTRY ELEMENTS (KOHA) | |
| Suppress in OPAC | 0 |
| Withdrawn status | Lost status | Source of classification or shelving scheme | Damaged status | Not for loan | Home library | Current library | Shelving location | Date acquired | Total Checkouts | Full call number | Barcode | Date last seen | Price effective from | Koha item type |
|---|---|---|---|---|---|---|---|---|---|---|---|---|---|---|
| Dewey Decimal Classification | London | London | Basement | 04/07/2007 | MONTHLY NEWSLETTER SURVEY OF INDIA | 138720-1001 | 06/08/2019 | 06/08/2019 | Journal |